000
00271nam a2200109Ia 4500
008
190906s9999||||xx |||||||||||||| ||und||
100
_a
Tehmina Durrani
245
0
_a
Edhi Autobiography
260
_a
Karachi
_b
A.Sattar edhi Foundation
_c
2010
300
_a
376
942
_c
BK
999
_c
5927
_d
5927